000 01175nam a2200241 a 4500
999 _c447578
_d447578
003 BLK
005 20230628141640.0
008 220307b bu ||||| ||||||0| | bu d
040 _aBLK
041 _aBUL
_cBUL
080 _x(497.215)(062)
_aИкономическо положение. Икономическа политика. Управление. Планиране. Производство. Услуги. Цени
_b338
_z338(497.215)(062)
139 _aПървенци изпълнили плана за VІІ петилетка до 31 декември 1979 г. Русенски окръг
_bП 97
245 _aПървенци изпълнили плана за VІІ петилетка до 31 декември 1979 г. Русенски окръг
_h[Малотир. изд.]
260 _9469318
_aРусе
_bОС на професионалните съюзи
_c1979
300 _a186 с.
_c15Х22 см
380 _a3
653 7 _9197055
_aсоциално-икономическо развитие
653 7 _9194984
_aпървенци
852 _aК 338/П 97
_bК
942 _cKNG
_n0
_s1
_01
944 _aCR
_c2022-03-07
_kВ. Т.
999 _d447573